System approach to cost accounting / (Record no. 131649)

MARC details
000 -LEADER
fixed length control field 00658nam a22002177a 4500
005 - DATE AND TIME OF LATEST TRANSACTION
control field 20170124110132.0
010 ## - LIBRARY OF CONGRESS CONTROL NUMBER
LC control number B-031598
020 ## - INTERNATIONAL STANDARD BOOK NUMBER
Terms of availability 200.00
International Standard Book Number 8177330411
035 ## - SYSTEM CONTROL NUMBER
System control number B-031598
037 ## - SOURCE OF ACQUISITION
Source of stock number/acquisition Cen Lib/Ret
082 ## - DEWEY DECIMAL CLASSIFICATION NUMBER
Classification number 657.42
Item number AGA
100 ## - MAIN ENTRY--PERSONAL NAME
Personal name Agarwal, Rakesh V.
9 (RLIN) 32371
245 ## - TITLE STATEMENT
Title System approach to cost accounting /
Statement of responsibility, etc by Rakesh V. Agarwal
260 ## - PUBLICATION, DISTRIBUTION, ETC. (IMPRINT)
Place of publication, distribution, etc New Delhi
Name of publisher, distributor, etc Bharat law house
Date of publication, distribution, etc 2000
270 ## - ADDRESS
City New Delhi
Address T-1/95, Mangolpuri indusrial area
Postal code 110083
300 ## - PHYSICAL DESCRIPTION
Extent 530p.
Dimensions 21cm(Hb)
650 ## - SUBJECT ADDED ENTRY--TOPICAL TERM
Topical term or geographic name as entry element Cost accouting
9 (RLIN) 32372
650 ## - SUBJECT ADDED ENTRY--TOPICAL TERM
Topical term or geographic name as entry element Operation costing
9 (RLIN) 32373
700 ## - ADDED ENTRY--PERSONAL NAME
9 (RLIN) 32363
942 ## - ADDED ENTRY ELEMENTS (KOHA)
Source of classification or shelving scheme Dewey Decimal Classification
Koha item type English Books
Classification part 657.42
Call number suffix AGA
Holdings
Withdrawn status Lost status Damaged status Not for loan Home library Current library Date acquired Source of acquisition Cost, normal purchase price Total Checkouts Total Renewals Full call number Barcode Date last seen Date checked out Copy number Cost, replacement price Price effective from Koha item type
        Central Library Central Library 15/07/2015 Cen Lib/Ret 200.00 5 1 657.42 AGA B-031598 15/05/2023 01/05/2023 1 200.00 15/07/2015 English Books

© Delhi Public Library
Hit Counter
free hit counter